=LDR 00000nam 2200000 4500 =001 NUTBA000000000005329 =005 20210208093524 =035 ##$$a 0010-101400000000559 =008 210208################g##########0#ind## =020 ##$$a 978-602-7900-03-5 =040 ##$$a NBPDMAT =082 ##$$a 338.09 =090 ##$$a 338.09 $b Ira t =100 ##$$a Ira Puspito Rini =245 1#$$a True spirit Sandiaga Uno /$c Ira Puspito Rini =250 ##$$a Cet.2 =260 ##$$a Yogyakarta :$b Lamafa Publika,$c 2013 =300 ##$$a vii, 142 hlm. : $b ilus. ; $c 20,5 x 14 cm. =500 ##$$a Bibliografi : hlm.137-141 =650 #4$$a Entrepreneurship =850 ##$$a NBPDMAT =084 ##$$a 338.09 IRA t =520 ##$$a Bibliografi : hlm. 142 =990 ##$$a 21414767 =990 ##$$a 21414768 =990 ##$$a 21414769 =990 ##$$a 21414770 =990 ##$$a 21414771 =990 ##$$a 2141467 =990 ##$$a 21414771 =990 ##$$a 21414767 =990 ##$$a 21414768 =990 ##$$a 21414769 =990 ##$$a 21414770 =990 ##$$a 2141467 =990 ##$$a 21414770 =990 ##$$a 21414767 =990 ##$$a 21414768 =990 ##$$a 21414769 =990 ##$$a 21414771 =990 ##$$a 2141467 =990 ##$$a 21414768 =990 ##$$a 21414767 =990 ##$$a 21414769 =990 ##$$a 21414770 =990 ##$$a 21414771 =990 ##$$a 2141467 =990 ##$$a 21414769 =990 ##$$a 21414767 =990 ##$$a 21414768 =990 ##$$a 21414770 =990 ##$$a 21414771 =990 ##$$a 2141467 =990 ##$$a 21414769 =990 ##$$a 21414767 =990 ##$$a 21414768 =990 ##$$a 21414770 =990 ##$$a 21414771 =990 ##$$a 2141467